日本の灯台50選 - Statistics

General Stats
  • This quiz has been taken 52 times
  • The average score is 12 of 50
Answer Stats
都道府県名 灯台名 % Correct
北海道 宗谷岬灯台
81%
千葉県 犬吠埼灯台
79%
北海道 納沙布岬灯台
74%
高知県 室戸岬灯台
67%
北海道 襟裳岬灯台
62%
和歌山県 潮岬灯台
57%
高知県 足摺岬灯台
55%
鹿児島県 佐多岬灯台
48%
愛媛県 佐田岬灯台
40%
愛知県 伊良湖岬灯台
38%
北海道 知床岬灯台
36%
青森県 大間埼灯台
31%
千葉県 野島埼灯台
31%
静岡県 御前埼灯台
31%
宮崎県 都井岬灯台
31%
青森県 尻屋埼灯台
29%
静岡県 石廊埼灯台
29%
神奈川県 観音埼灯台
26%
青森県 龍飛埼灯台
24%
岩手県 魹ヶ埼灯台
21%
秋田県 入道埼灯台
19%
京都府 経ヶ岬灯台
19%
島根県 美保関灯台
19%
北海道 稚内灯台
17%
北海道 チキウ岬灯台
17%
北海道 恵山岬灯台
17%
宮城県 金華山灯台
17%
北海道 花咲灯台
14%
石川県 禄剛埼灯台
12%
山口県 角島灯台
12%
静岡県 神子元島灯台
10%
三重県 大王埼灯台
10%
島根県 出雲日御碕灯台
10%
福岡県 部埼灯台
10%
長崎県 大瀬埼灯台
10%
北海道 落石岬灯台
7%
福島県 塩屋埼灯台
7%
青森県 鮫角灯台
5%
岩手県 陸中黒埼灯台
5%
新潟県 姫埼灯台
5%
石川県 大野灯台
2%
三重県 神島灯台
2%
三重県 菅島灯台
2%
三重県 安乗埼灯台
2%
広島県 高根島灯台
2%
香川県 男木島灯台
2%
福岡県 白州灯台
2%
長崎県 女島灯台
2%
大分県 水ノ子島灯台
2%
沖縄県 平安名埼灯台
2%
No matching quizzes found
Score Distribution
Percent of People with Each Score
Percentile by Number Answered
Your Score History
You have not taken this quiz